|
|
|
|
| LEADER |
00769nta a2200217 i 4500 |
| 001 |
dipl98659 |
| 005 |
20211215074120.0 |
| 008 |
211215s1983 hu om 0|| zxx d |
| 040 |
|
|
|a SZTE Diploma Repozitórium
|b hun
|
| 041 |
|
|
|a zxx
|
| 100 |
1 |
|
|a Dzurek Sándor
|
| 245 |
1 |
0 |
|a Automatikus abrakkiosztó berendezés vizsgálata kötetlen tartású tejtermelő tehenészeti telepen
|h [elektronikus dokumentum] /
|c Sándor Dzurek
|
| 260 |
|
|
|c 1983
|
| 300 |
|
|
|a 34
|
| 650 |
|
4 |
|a Agrár
|
| 650 |
|
4 |
|a Engineering and technology
|
| 650 |
|
4 |
|a Agricultural sciences
|
| 650 |
|
4 |
|a Animal and Dairy science
|
| 695 |
|
|
|a Gépesítés, abrakkiosztó
|
| 700 |
1 |
|
|a Varga Mihály
|e ths
|
| 856 |
4 |
0 |
|u http://diploma.bibl.u-szeged.hu/id/eprint/98659/1/1983_dzurek_sandor.pdf
|z Dokumentum-elérés
|